[Event "Champigny sur Marne op 6th"]
[Site "Champigny sur Marne"]
[Date "2006.02.18"]
[Round "3"]
[White "Moreno, Manuel"]
[Black "Bodin Hullin, Thomas"]
[Result "1-0"]
[WhiteElo "1490"]
[BlackElo "1780"]
[PlyCount "120"]
[EventDate "2006.02.16"]
[EventType "swiss"]
[EventRounds "6"]
[EventCountry "FRA"]
[SourceTitle "EXT 2007"]
[Source "ChessBase"]
[SourceDate "2006.11.23"]
[SourceVersion "1"]
[SourceVersionDate "2006.11.23"]
[SourceQuality "1"]

1. e4 e6 2. d4 d5 3. e5 c5 4. c3 Nc6 5. Nf3 Qb6 6. Bd3 Bd7 7. 0-0 cxd4 8. cxd4 Nxd4 9. Nxd4 Qxd4 10. Nc3 Ne7 11. Qe2 Ng6 12. Bxg6 hxg6 13. Nb5 Qb6 14. a4 a6 15. Be3 Bxb5 16. axb5 d4 17. Bf4 Bc5 18. Rfc1 0-0 19. bxa6 bxa6 20. Ra2 a5 21. Rca1 Rfb8 22. Qd3 Bb4 23. Bd2 Qc5 24. Bf4 g5 25. Bg3 Rd8 26. h3 Rac8 27. f4 Qc2 28. Rd1 Qxd3 29. Rxd3 Rc2 30. fxg5 Rd2 31. Rxd2 Bxd2 32. h4 Rc8 33. Ra4 Bb4 34. Ra1 d3 35. Bf4 d2 36. Kh2 Rc2 37. b3 Ba3 38. Bxd2 Bb2 39. Rd1 Bxe5+ 40. Kg1 Rb2 41. Bxa5 Rxb3 42. Be1 Kh7 43. h5 Rb5 44. Kf1 Bf4 45. g6+ fxg6 46. hxg6+ Kxg6 47. g3 Be5 48. Kf2 Kf5 49. Bd2 Rc5 50. Rf1 Kg6 51. Bf4 Bxf4 52. gxf4 Kf5 53. Rh1 g5 54. fxg5 Kxg5 55. Re1 Kf5 56. Kf1 Re5 57. Rb1 Re4 58. Rb5+ e5 59. Rb8 Kf4 60. Rf8+ Ke3 1-0

[Event "Champigny sur Marne op 6th"]
[Site "Champigny sur Marne"]
[Date "2006.02.17"]
[Round "2"]
[White "Jobelot, Chris"]
[Black "Moreno, Manuel"]
[Result "1-0"]
[WhiteElo "1750"]
[BlackElo "1490"]
[PlyCount "21"]
[EventDate "2006.02.16"]
[EventType "swiss"]
[EventRounds "6"]
[EventCountry "FRA"]
[SourceTitle "EXT 2007"]
[Source "ChessBase"]
[SourceDate "2006.11.23"]
[SourceVersion "1"]
[SourceVersionDate "2006.11.23"]
[SourceQuality "1"]

1. e4 e5 2. Nf3 Nc6 3. d4 exd4 4. Nxd4 Qh4 5. Nb5 Bb4+ 6. Bd2 Qxe4+ 7. Be2 Bxd2+ 8. Nxd2 Qf4 9. g3 Qe5 10. Nc4 Qe4 11. Nbd6+ 1-0